| 000 | 00663npc a2200205Ia 4500 | ||
|---|---|---|---|
| 001 | dg26-1449 [d000001452] | ||
| 003 | IT-MiCISF | ||
| 008 | 161014s9999||||xx | und|| | ||
| 040 |
_aIT-MiCISF _cIT-MiCISF |
||
| 041 | _ait | ||
| 100 | _aRostan Michele (a cura di) | ||
| 245 | 0 |
_aTemi e problemi della condizione giovanile in Italia _bLa religiosità di fronte all'etica e alla politica |
|
| 250 | _a1a ed. | ||
| 260 |
_a Milano _bIard - Istituto di ricerca _c1993 |
||
| 300 | _app. 16 | ||
| 500 | _a / giovani, religione, etica, politica, famiglia, sessualità , aborto / | ||
| 650 | _aetà -evolutiva | ||
| 942 | _cDD | ||
| 957 | _71 | ||
| 999 |
_a1449 _bsi _g1 _c207693 _d207693 |
||